Kanta-Hämeen naapurikunnat - Statistics

Yleistilastot
  • Tätä visaa on pelattu 9 kertaa
  • Keskiarvotulos 12 / 17
Vastaustilastot
Kunta % Oikein
Karkkila
100%
Pälkäne
100%
Akaa
86%
Hyvinkää
86%
Loimaa
86%
Urjala
86%
Valkeakoski
86%
Asikkala
71%
Kärkölä
71%
Koski Tl
71%
Somero
71%
Hollola
57%
Lohja
57%
Padasjoki
57%
Punkalaidun
57%
Vihti
57%
Mäntsälä
43%
Ehtoja vastaavia visoja ei löytynyt
Tulosjakauma
Jokaisen tuloksen saaneiden osuus
Persentiili vastausten määrän mukaan
Tuloshistoriasi
Et ole pelannut tätä visaa